000 00311nam a2200133Ia 4500
008 240126s9999 xx 000 0 und d
041 _aEnglish
245 0 _aFortune (2004 -
260 _bTime Inc
_aAbingdon
440 _aNULL
650 _aFortune,(2004,-,Management
650 _aManagement
942 _cJN
999 _c265455
_d265455